Sukunir pratikhud (Record no. 2521)
[ view plain ]
| 000 -LEADER | |
|---|---|
| fixed length control field | 00517cam a2200205ua 4500 |
| 001 - CONTROL NUMBER | |
| control field | 2672 |
| 005 - DATE AND TIME OF LATEST TRANSACTION | |
| control field | 20260515113540.0 |
| 008 - FIXED-LENGTH DATA ELEMENTS--GENERAL INFORMATION | |
| fixed length control field | 110909n ii |||gr||||Z||||||asm |
| 040 ## - CATALOGING SOURCE | |
| Transcribing agency | MAIN |
| 082 ## - DEWEY DECIMAL CLASSIFICATION NUMBER | |
| Classification number | 891.4512 |
| 100 ## - MAIN ENTRY--PERSONAL NAME | |
| Personal name | Gogoi, Ganesh Chandra, |
| Relator term | Author. |
| 245 11 - TITLE STATEMENT | |
| Title | Sukunir pratikhud |
| Statement of responsibility, etc. | by Ganesh Chandra Gogoi |
| 250 ## - EDITION STATEMENT | |
| Edition statement | 4th. |
| 260 ## - PUBLICATION, DISTRIBUTION, ETC. | |
| Place of publication, distribution, etc. | Jorhat: |
| Name of publisher, distributor, etc. | Barkataki company,968. |
| 300 ## - PHYSICAL DESCRIPTION | |
| Extent | 73p: |
| Dimensions | 23cm. |
| 653 ## - INDEX TERM--UNCONTROLLED | |
| Uncontrolled term | Assamese drama |
| 653 ## - INDEX TERM--UNCONTROLLED | |
| Uncontrolled term | Assamese grammar |
| 653 ## - INDEX TERM--UNCONTROLLED | |
| Uncontrolled term | Sukunir pratikhud |
| 942 ## - ADDED ENTRY ELEMENTS (KOHA) | |
| Koha item type | Books |
| Withdrawn status | Lost status | Damaged status | Not for loan | Home library | Current library | Shelving location | Date acquired | Total checkouts | Full call number | Barcode | Date last seen | Copy number | Price effective from | Koha item type |
|---|---|---|---|---|---|---|---|---|---|---|---|---|---|---|
| Naharkatiya College Library | Naharkatiya College Library | General stacks | 09/19/2020 | 891.4512 | GOG | 7453 | 09/19/2020 | 10 | 09/19/2020 | Books | |||||
| Naharkatiya College Library | Naharkatiya College Library | General stacks | 09/19/2020 | 891.4512 | GOG | 7454 | 09/19/2020 | 5 | 09/19/2020 | Books | |||||
| Naharkatiya College Library | Naharkatiya College Library | General stacks | 09/19/2020 | 891.4512 | GOG | 7455 | 09/19/2020 | 3 | 09/19/2020 | Books | |||||
| Naharkatiya College Library | Naharkatiya College Library | General stacks | 09/19/2020 | 891.4512 | GOG | 7456 | 09/19/2020 | 1 | 09/19/2020 | Books | |||||
| Naharkatiya College Library | Naharkatiya College Library | General stacks | 09/19/2020 | 891.4512 | GOG | 7457 | 09/19/2020 | 8 | 09/19/2020 | Books | |||||
| Naharkatiya College Library | Naharkatiya College Library | General stacks | 09/19/2020 | 891.4512 | GOG | 7458 | 09/19/2020 | 9 | 09/19/2020 | Books | |||||
| Naharkatiya College Library | Naharkatiya College Library | General stacks | 09/19/2020 | 891.4512 | GOG | 7459 | 09/19/2020 | 2 | 09/19/2020 | Books | |||||
| Naharkatiya College Library | Naharkatiya College Library | General stacks | 09/19/2020 | 891.4512 | GOG | 7460 | 09/19/2020 | 6 | 09/19/2020 | Books | |||||
| Naharkatiya College Library | Naharkatiya College Library | General stacks | 09/19/2020 | 891.4512 | GOG | 7461 | 09/19/2020 | 4 | 09/19/2020 | Books | |||||
| Naharkatiya College Library | Naharkatiya College Library | General stacks | 09/19/2020 | 891.4512 | GOG | 7462 | 09/19/2020 | 7 | 09/19/2020 | Books |